Business communication : (Record no. 92848)

MARC details
000 -LEADER
fixed length control field 01292nam a22003257a 4500
005 - DATE AND TIME OF LATEST TRANSACTION
control field 20230112154453.0
010 ## - LCCN (DPL NO)
LC control number 1617EN ENG-112495 ENG-135977
020 ## - INTERNATIONAL STANDARD BOOK NUMBER
International Standard Book Number 9789351342960
Terms of availability 685.00
020 ## - INTERNATIONAL STANDARD BOOK NUMBER
International Standard Book Number 9351342964
Terms of availability 685.00
035 ## - SYSTEM CONTROL NUMBER
System control number B-653839-845
035 ## - SYSTEM CONTROL NUMBER
System control number EN-96027
035 ## - SYSTEM CONTROL NUMBER
System control number B-665132
035 ## - SYSTEM CONTROL NUMBER
System control number EN-119509
037 ## - SOURCE OF ACQUISITION
Source of stock number/acquisition ABC
Stock number dpl
037 ## - SOURCE OF ACQUISITION
Source of stock number/acquisition DBAD/PUB
082 ## - DEWEY DECIMAL CLASSIFICATION NUMBER
Classification number 651.7
245 ## - TITLE STATEMENT
Title Business communication :
Statement of responsibility, etc by Raymond V. Lesikar...[et al]
Remainder of title connecting in a digital world /
250 ## - EDITION STATEMENT
Edition statement 13th ed
260 ## - PUBLICATION, DISTRIBUTION, ETC. (IMPRINT)
Place of publication, distribution, etc Noida
Name of publisher, distributor, etc McGraw Hill Education
Date of publication, distribution, etc 2015
270 ## - ADDRESS
Address B-4, Sector-63, Gautam Budh Nagar,
City Noida
Postal code 201301
300 ## - PHYSICAL DESCRIPTION
Extent xxxvii,772p. :
Dimensions 25cm(pbk)
Other physical details ill.
500 ## - GENERAL NOTE
General note Includes index
650 ## - SUBJECT ADDED ENTRY--TOPICAL TERM
Topical term or geographic name as entry element Commercial correspondence.
650 ## - SUBJECT ADDED ENTRY--TOPICAL TERM
Topical term or geographic name as entry element English language
General subdivision Business English.
650 ## - SUBJECT ADDED ENTRY--TOPICAL TERM
Topical term or geographic name as entry element Business communication.
700 ## - ADDED ENTRY--PERSONAL NAME
Personal name Lesikar, Raymond V.
942 ## - ADDED ENTRY ELEMENTS (KOHA)
Source of classification or shelving scheme Dewey Decimal Classification
Item type English Books
Call number suffix BUS
Classification part 651.7
Holdings
Withdrawn status Lost status Not for loan Collection code Home library Current library Date acquired Source of acquisition Cost, normal purchase price Full call number Barcode Copy number Cost, replacement price Koha item type
      Non-fiction Ashok Vihar Ashok Vihar 09/05/2017 BPPD/EN/2016-17/AV/16-17/452/15.2.2017/5058/28.2.2017/ 7.3.2017 685.00 651.7 BUS B-665132 1 685.00 English Books
      Non-fiction Bawana Bawana 08/02/2017 BPPD/EN/2016-17/286/24.11.2016/4995/03.12.16/04.01.2017 685.00 651.7 BUS B-653844 1 685.00 English Books
      Non-fiction Bawana Bawana 12/01/2023 DBAD/PUB 685.00 651.7 BUS EN-119509 1 685.00 English Books
      Non-fiction Central Library Central Library 08/02/2017 BPPD/EN/2016-17/286/24.11.2016/4995/03.12.16/04.01.2017 685.00 651.7 BUS B-653839 1 685.00 English Books
    Not For Loan Non-fiction D.B.Act.Division D.B.Act.Division 09/04/2015 DBAD/PUB 650.00 651.7 LES EN-96027 1 650.00 English Books
      Non-fiction Janak Puri Janak Puri 08/02/2017 BPPD/EN/2016-17/286/24.11.2016/4995/03.12.16/04.01.2017 685.00 651.7 BUS B-653842 1 685.00 English Books
      Non-fiction Kasturba Gandhi Marg Kasturba Gandhi Marg 08/02/2017 BPPD/EN/2016-17/286/24.11.2016/4995/03.12.16/04.01.2017 685.00 651.7 BUS B-653841 1 685.00 English Books
      Non-fiction Patel Nagar Patel Nagar 08/02/2017 BPPD/EN/2016-17/286/24.11.2016/4995/03.12.16/04.01.2017 685.00 651.7 BUS B-653840 1 685.00 English Books
      Non-fiction Sarojini Nagar Sarojini Nagar 08/02/2017 BPPD/EN/2016-17/286/24.11.2016/4995/03.12.16/04.01.2017 685.00 651.7 BUS B-653843 1 685.00 English Books
      Non-fiction Shahdara Branch Shahdara Branch 08/02/2017 BPPD/EN/2016-17/286/24.11.2016/4995/03.12.16/04.01.2017 685.00 651.7 BUS B-653845 1 685.00 English Books

© Delhi Public Library
Hit Counter
free hit counter